Datum a čas kvízu

27.5 Celkem bodů Celkový počet nahraných bodů na tomto kvízu bez doplňovacích otázek.
9. Pořadí na kvízu Konečné umístění týmu na tomto kvízu.

Zaznamenané odpovědi

# Otázka Odpověď Body Výsledky
1. Česká vláda ve středu schválil... C) energetické nápoje 0
2. Americká firma Mattel se dopus... adresa pornografických stránek 1
3. V rámci festivalu Prague Sound... Richard Müller, David Koller 0.5
4. Když prezident jednoho evropsk... na Slovensku 0
5. V pátek se konala boxerská exh... Mike Tyson, Jake Paul 1
6. Většina z nás se v dětství uči... salmiak 0
7. Který z těchto smyslů je u člo... sluch (z ucha) 0
8. Kytovci a netopýři dokáží vysí... echolokace 0
9. Těsné propojení čichu a chuti... A 0
10. Buňky v sítnici lidského oka c... čípky 1